Zlatá klec. Zlatá /
Pátý díl romantické fantasy série, inspirované řeckou bájí o králi Midasovi.
Uloženo v:
| Série: | Zlatá klec,
část 5 |
|---|---|
| Hlavní autor: | |
| Další autoři: | |
| Médium: | E-kniha |
| Jazyk: | Czech |
| Vydáno: |
Praha :
Baronet,
2025
|
| Vydání: | 1. vydání |
| Témata: | |
| Příbuzné jednotky: | Z cyklu::
Zlatá klec |
| Tagy: |
Žádné tagy |
| LEADER | 02431nam a2200457 i 4500 | ||
|---|---|---|---|
| 001 | 312826 | ||
| 003 | CZ PrSKC | ||
| 005 | 20260601215729.0 | ||
| 007 | ta | ||
| 008 | 250929s2025 xr a g 000 f cze | ||
| 015 | |a cnb003710395 | ||
| 020 | |a 9788026926832 |q (vázáno) | ||
| 035 | |a (OCoLC)1559931709 | ||
| 040 | |a ABG001 |b cze |d OLA001 |e rda | ||
| 041 | 1 | |a cze |h eng | |
| 072 | 7 | |a 821.111(73)-3 |x Americká próza |2 Konspekt | |
| 080 | |a 821.111(73)-31 |2 MRF | ||
| 080 | |a (0:82-312.9) |2 MRF | ||
| 100 | 1 | |a Kennedy, Raven |7 xx0312643 |4 aut | |
| 240 | 1 | 0 | |a Gold. |l Česky |
| 245 | 1 | 0 | |a Zlatá klec. |p Zlatá / |c Raven Kennedy ; z anglického originálu Gold přeložila Zuzana Ľalíková |
| 246 | 3 | 0 | |a Zlatá |
| 250 | |a 1. vydání | ||
| 264 | 1 | |a Praha : |b Baronet, |c 2025 | |
| 300 | |a 671 stran : |b ilustrace ; |c 21 cm | ||
| 336 | |a text |b txt |2 rdacontent | ||
| 337 | |a bez média |b n |2 rdamedia | ||
| 338 | |a svazek |b nc |2 rdacarrier | ||
| 520 | 2 | |a Pátý díl romantické fantasy série, inspirované řeckou bájí o králi Midasovi. |b Myslela jsem, že zemřu, a nebýt Sladea, stalo by se to. Otevřel trhlinu mezi světy, aby mě zachránil. Musela jsem do ní vstoupit, abych přežila. Útěk do bezpečí mě zavedl do Annwynu, do říše fae, do překrásného světa magie. Na každém rohu tam však číhá nebezpečí. Už nejsem dívka ve zlaté kleci a nic mě nezastaví, dokud nenajdu cestu zpět ke Sladeovi. To však znamená, že se musím postavit nástrahám a tajemstvím. A musím jasně zářit, abych si posvítila na cestu domů. Jinak mě pohltí temnota. Nakladatelská anotace. | |
| 655 | 7 | |a americké romány |7 fd131796 |2 czenas | |
| 655 | 7 | |a fantasy romány |7 fd184199 |2 czenas | |
| 655 | 9 | |a American fiction |2 eczenas | |
| 655 | 9 | |a fantasy novels |2 eczenas | |
| 700 | 1 | |a Ľalíková, Zuzana, |d 1987- |7 xx0144546 |4 trl | |
| 787 | 0 | 8 | |i Z cyklu: |t Zlatá klec |g 5 |
| 900 | |a ABA001 |b 21 | ||
| 928 | 9 | |a Albatros Media - Baronet | |
| 044 | |a xr | ||
| 910 | |a RBIT002 | ||
| 998 | |d 422645 |a https://core.palmknihy.cz/api/books/422645/cover?t3664y |b https://core.palmknihy.cz/api/books/422645/cover/400?t3664y |c https://core.palmknihy.cz/api/books/422645/cover/50?t3664y |e 2030-03-06 |g 672 |i 9788026926832 |j https://core.palmknihy.cz/api/books/422645/preview.epub |k https://core.palmknihy.cz/api/books/422645/preview.pdf |l |q 49 |r 1 |s https://www.palmknihy.cz/kniha/422645 |t ebook |y 2025 |z 0 |v Zlatá klec |w 5 | ||
| 999 | |d 312824 | ||